| 000 -ლიდერი |
| ფიქსირებული სიგრძის საკონტროლო ველი |
01251nam a2200253Ia 4500 |
| 001 - საკონტროლო ნომერი |
| საკონტროლო ველი |
17689 |
| 003 - საკონტროლო ნომრის იდენტიფიკატორი |
| საკონტროლო ველი |
GE_BSU |
| 005 - ბოლო ოპერაციის თარიღი და დრო |
| საკონტროლო ველი |
20250423101332.0 |
| 008 - ფიქსირებული სიგრძის მონაცემთა ელემენტები - ზოგადი ინფორმაცია |
| ფიქსირებული სიგრძის საკონტროლო ველი |
181216s2013||||ge |||||||||||||| ||geo|| |
| 020 ## - წიგნის საერთაშორისო სტანდარტული ნომერი |
| International Standard Book Number |
9789941056956 |
| 040 ## - კატალოგიზაციის წყარო |
| Transcribing agency |
GE_BSU |
| 041 ## - ენის კოდი |
| Language code of text/sound track or separate title |
geo |
| 080 ## - უნივერსალური ათობითი კლასიფიკაციის ინდექსი |
| Universal Decimal Classification number |
630.17(479.22) კ-75 |
| 100 ## - მთავარი ჩანაწერი - პიროვნების სახელი |
| Personal name |
კოპალიანი, ლია |
| 9 (RLIN) |
24437 |
| 245 ## - ცნობა სათაურის შესახებ |
| Title |
საქართველოს ტყის მცენარეები : |
| Remainder of title |
(ხეები,ბუჩქები,ბალახები) : [დამხმ. სახელმძღვ.] / |
| Statement of responsibility, etc |
ლია კოპალიანი ; რედ.: რამაზ კილაძე, შორენა კაპანაძე. |
| 264 ## - წარმოების, გამოცემის, დისტრიბუციის და სხვა ცნობები |
| გამოცემის, წარმოების, დისტრიბუციის... ადგილი |
ქუთაისი : |
| გამოცემის, წარმოების, დისტრიბუციის... სახელწოდება |
საგამომცემლო ცენტრი, |
| გამოცემის, წარმოების, დისტრიბუციის... თარიღი |
2013. |
| 300 ## - ფიზიკური აღწერა |
| Extent |
148 გვ. ; |
| Other physical details |
20 სმ. |
| 300 ## - ფიზიკური აღწერა |
| Accompanying material |
ბიბლ.:გვ.141;ილ |
| 504 ## - BIBLIOGRAPHY, ETC. NOTE |
| Bibliography, etc |
ბიბლიოგრ.: გვ. 141. |
| 653 ## - INDEX TERM--UNCONTROLLED |
| Uncontrolled term |
საქართველოს ტყის მცენარეები |
| 700 ## - ADDED ENTRY--PERSONAL NAME |
| Personal name |
კილაძე, რამაზ |
| Relator term |
რედაქტორი |
| 9 (RLIN) |
16987 |
| 700 ## - ADDED ENTRY--PERSONAL NAME |
| Personal name |
კაპანაძე, შორენა |
| Relator term |
რედაქტორი |
| 9 (RLIN) |
20757 |
| 942 ## - ADDED ENTRY ELEMENTS (KOHA) |
| Koha item type |
წიგნი |
| Source of classification or shelving scheme |
|